000 01519nam a22002417a 4500
003 OSt
005 20260511092754.0
008 260511b |||||||| |||| 00| 0 eng d
020 _a9780349422206
040 _aKenya National Library Service
082 _a640 BRA
100 _aBray, Gemma
_eAuthor
245 _aThe Organised mum method :
_btransform your home in 30 minutes a day /
_cGemma Bray.
300 _aix, 244 pages :
_billustrations,
_c22 cm.
504 _aIncludes index
520 _aThe Organised Mum Method is THE housekeeping bible that will completely revolutionise your home. Say goodbye to mess, clutter and weekends spent tidying and cleaning! Gemma Bray (a.k.a The Organised Mum) is a firm believer that there is more to life than housework, and over the last decade she has perfected The Organised Mum Method (TOMM)*. TOMM is a structured, manageable and ultra-efficient cleaning routine that ensures all areas of the home are taken care of, as well as time-saving recipes that can be prepared in seconds. It's easy to follow, effective and ensures that everything gets done in just 30 minutes a day, Monday to Friday...and you get weekends off! As well as handy housekeeping hacks, Gemma shares her super speedy recipes that will focus on delicious slow-cooked dishes that can be prepared in a flash.
650 _aHome economics.
650 _aFamily management .
650 _aMotherhood.
942 _2ddc
_cBK
_n0
999 _c492644
_d492644